[Event "Kupreichik Memorial Rapid 2019"]
[Site "Minsk"]
[Date "2019.08.17"]
[Round "10.37"]
[White "Laptev, Viktor"]
[Black "Kozlov, Valentin"]
[Result "0-1"]
[WhiteElo "1424"]
[BlackElo "1871"]
[Annotator "NA"]
[PlyCount "84"]
[EventDate "2019.08.15"]
[EventType "swiss"]
[EventCountry "BLR"]
[SourceTitle "playchess.com"]
[Source "ChessBase"]
[SourceQuality "1"]
[TimeControl "900+10"]

1. e4 {[%emt 0:00:00]} c5 {[%emt 0:00:00]} 2. d4 {[%emt 0:00:00]} cxd4 {[%emt 0:00:00]} 3. c3 {[%emt 0:00:00]} dxc3 {[%emt 0:00:00]} 4. Nxc3 {[%emt 0:00:00]} e6 {[%emt 0:00:02]} 5. Bf4 {[%emt 0:00:18]} Be7 {[%emt 0:00:08]} 6. Nf3 {[%emt 0:00:31]} a6 {[%emt 0:00:32]} 7. Bc4 {[%emt 0:00:13]} Nf6 {[%emt 0:00:05]} 8. e5 {[%emt 0:00:04]} Nh5 {[%emt 0:00:14]} 9. Be3 {[%emt 0:00:19]} g6 {[%emt 0:01:17]} 10. Ne4 {[%emt 0:00:20]} O-O {[%emt 0:00:54]} 11. Nd6 {[%emt 0:00:54]} b5 {[%emt 0:01:17]} 12. Bb3 {[%emt 0:01:03]} Ng7 {[%emt 0:00:27]} 13. Bc2 {[%emt 0:01:22]} Nf5 {[%emt 0:00:29]} 14. Bxf5 {[%emt 0:00:49]} exf5 {[%emt 0:00:04]} 15. Bh6 {[%emt 0:00:13]} Qa5+ {[%emt 0:01:29]} 16. Bd2 {[%emt 0:01:04]} Qb6 {[%emt 0:01:18]} 17. Be3 {[%emt 0:00:04]} Qa5+ {[%emt 0:00:14]} 18. Bd2 {[%emt 0:00:02]} b4 {[%emt 0:00:18]} 19. a3 {[%emt 0:00:01]} Nc6 {[%emt 0:00:17]} 20. axb4 {[%emt 0:00:17]} Qd5 {[%emt 0:00:23]} 21. Bc3 {[%emt 0:00:44]} Qxd1+ {[%emt 0:00:12]} 22. Rxd1 {[%emt 0:00:04]} f6 {[%emt 0:01:44]} 23. Nxc8 {[%emt 0:03:12]} Raxc8 {[%emt 0:00:04]} 24. Rxd7 {[%emt 0:00:38]} fxe5 {[%emt 0:00:51]} 25. Nxe5 {[%emt 0:00:15]} Bxb4 {[%emt 0:02:00]} 26. Bxb4 {[%emt 0:01:38]} Nxe5 {[%emt 0:01:16]} 27. Rd1 {[%emt 0:00:11]} Rfe8 {[%emt 0:00:04]} 28. O-O {[%emt 0:00:05]} Ng4 {[%emt 0:01:29]} 29. h3 {[%emt 0:00:18]} Nf6 {[%emt 0:00:07]} 30. Bc3 {[%emt 0:00:04]} Ne4 {[%emt 0:00:02]} 31. Bd4 {[%emt 0:00:26]} Kf7 {[%emt 0:00:06]} 32. Rfe1 {[%emt 0:00:04]} Rcd8 {[%emt 0:00:14]} 33. f3 {[%emt 0:00:18]} Nf6 {[%emt 0:00:18]} 34. Rxe8 {[%emt 0:00:51]} Nxe8 {[%emt 0:00:13]} 35. Rd2 {[%emt 0:00:10]} Nc7 {[%emt 0:00:06]} 36. Kf2 {[%emt 0:00:15]} Ne6 {[%emt 0:00:05]} 37. Bc3 {[%emt 0:00:03]} Rxd2+ {[%emt 0:00:02]} 38. Bxd2 {[%emt 0:00:01]} Nc5 {[%emt 0:00:09]} 39. Ke3 {[%emt 0:00:09]} Ke6 {[%emt 0:00:01]} 40. Bb4 {[%emt 0:00:14]} Kd5 {[%emt 0:00:10]} 41. g4 {[%emt 0:00:50]} f4+ {[%emt 0:00:13]} 42. Kd2 {[%emt 0:00:21]} Kd4 {[%emt 0:00:18]} 0-1

[Event "Kupreichik Memorial Rapid 2019"]
[Site "Minsk"]
[Date "2019.08.17"]
[Round "10.38"]
[White "Karmishyn, Vadzim"]
[Black "Harbuz, Yaraslau"]
[Result "1-0"]
[WhiteElo "1494"]
[BlackElo "1359"]
[Annotator "NA"]
[PlyCount "81"]
[EventDate "2019.08.15"]
[EventType "swiss"]
[EventCountry "BLR"]
[SourceTitle "playchess.com"]
[Source "ChessBase"]
[SourceQuality "1"]
[TimeControl "900+10"]

1. c4 {[%emt 0:00:00]} Nf6 {[%emt 0:00:00]} 2. b3 {[%emt 0:00:00]} d6 {[%emt 0:00:02]} 3. Bb2 {[%emt 0:00:00]} g6 {[%emt 0:00:01]} 4. e3 {[%emt 0:00:13]} Bg7 {[%emt 0:00:03]} 5. Nf3 {[%emt 0:00:02]} O-O {[%emt 0:00:02]} 6. Be2 {[%emt 0:00:01]} Nbd7 {[%emt 0:00:05]} 7. d4 {[%emt 0:00:07]} b6 {[%emt 0:00:02]} 8. d5 {[%emt 0:00:26]} Nc5 {[%emt 0:00:16]} 9. O-O {[%emt 0:00:26]} Bf5 {[%emt 0:00:03]} 10. Nh4 {[%emt 0:00:47]} Bd7 {[%emt 0:00:21]} 11. Na3 {[%emt 0:01:20]} c6 {[%emt 0:00:57]} 12. dxc6 {[%emt 0:00:32]} Bxc6 {[%emt 0:00:04]} 13. Bf3 {[%emt 0:00:03]} d5 {[%emt 0:01:19]} 14. cxd5 {[%emt 0:00:53]} Bxd5 {[%emt 0:00:13]} 15. Bxd5 {[%emt 0:00:06]} Nxd5 {[%emt 0:00:11]} 16. Bxg7 {[%emt 0:00:06]} Kxg7 {[%emt 0:00:03]} 17. Qg4 {[%emt 0:00:54]} e6 {[%emt 0:00:40]} 18. Rfd1 {[%emt 0:01:14]} Qe7 {[%emt 0:01:31]} 19. Rxd5 {[%emt 0:00:28]} Qf6 {[%emt 0:01:01]} 20. Rdd1 {[%emt 0:00:59]} Rad8 {[%emt 0:00:19]} 21. Rab1 {[%emt 0:00:44]} h5 {[%emt 0:00:12]} 22. Qf4 {[%emt 0:01:55]} Qc3 {[%emt 0:00:41]} 23. Nb5 {[%emt 0:01:03]} Qa5 {[%emt 0:00:42]} 24. Qe5+ {[%emt 0:00:24]} Kh7 {[%emt 0:00:17]} 25. Nd4 {[%emt 0:01:13]} f6 {[%emt 0:01:11]} 26. Qg3 {[%emt 0:00:41]} g5 {[%emt 0:01:54]} 27. Nhf3 {[%emt 0:00:04]} Rc8 {[%emt 0:01:04]} 28. b4 {[%emt 0:01:07]} h4 {[%emt 0:00:22]} 29. Qg4 {[%emt 0:00:37]} Qxa2 {[%emt 0:00:41]} 30. bxc5 {[%emt 0:00:20]} Kh6 {[%emt 0:00:23]} 31. Nxe6 {[%emt 0:00:52]} Rfe8 {[%emt 0:00:07]} 32. Nexg5 {[%emt 0:00:30]} Qg8 {[%emt 0:00:26]} 33. Nf7+ {[%emt 0:00:39]} Qxf7 {[%emt 0:00:04]} 34. Rd7 {[%emt 0:00:32]} Re7 {[%emt 0:00:12]} 35. Rxe7 {[%emt 0:00:03]} Qxe7 {[%emt 0:00:02]} 36. Qxc8 {[%emt 0:00:01]} Qh7 {[%emt 0:00:08]} 37. Rc1 {[%emt 0:00:16]} bxc5 {[%emt 0:00:07]} 38. Qxc5 {[%emt 0:00:10]} Qg6 {[%emt 0:00:23]} 39. Qxa7 {[%emt 0:00:21]} Qh7 {[%emt 0:00:05]} 40. Qxh7+ {[%emt 0:00:04]} Kxh7 {[%emt 0:00:02]} 41. Nxh4 {[%emt 0:00:02]} 1-0

[Event "Kupreichik Memorial Rapid 2019"]
[Site "Minsk"]
[Date "2019.08.17"]
[Round "10.40"]
[White "Melekhov, Artyom"]
[Black "Makarau, Yauheni"]
[Result "1-0"]
[WhiteElo "1471"]
[BlackElo "1459"]
[Annotator "NA"]
[PlyCount "69"]
[EventDate "2019.08.15"]
[EventType "swiss"]
[EventCountry "BLR"]
[SourceTitle "playchess.com"]
[Source "ChessBase"]
[SourceQuality "1"]
[TimeControl "900+10"]

1. e4 {[%emt 0:00:00]} d5 {[%emt 0:00:00]} 2. exd5 {[%emt 0:00:00]} Qxd5 {[%emt 0:00:00]} 3. d4 {[%emt 0:00:00]} Nf6 {[%emt 0:00:00]} 4. Nc3 {[%emt 0:00:01]} Qa5 {[%emt 0:00:00]} 5. Bd2 {[%emt 0:00:08]} Nc6 {[%emt 0:00:37]} 6. Ne4 {[%emt 0:00:05]} Qd5 {[%emt 0:00:27]} 7. Nxf6+ {[%emt 0:00:04]} gxf6 {[%emt 0:00:01]} 8. Be3 {[%emt 0:00:06]} Bf5 {[%emt 0:00:31]} 9. c4 {[%emt 0:00:22]} Qe4 {[%emt 0:01:18]} 10. Nf3 {[%emt 0:04:45]} O-O-O {[%emt 0:00:59]} 11. Be2 {[%emt 0:00:25]} e5 {[%emt 0:00:45]} 12. d5 {[%emt 0:00:17]} Bb4+ {[%emt 0:01:08]} 13. Bd2 {[%emt 0:00:27]} Nd4 {[%emt 0:03:25]} 14. Nxd4 {[%emt 0:00:49]} Bxd2+ {[%emt 0:00:02]} 15. Qxd2 {[%emt 0:00:02]} exd4 {[%emt 0:00:27]} 16. O-O {[%emt 0:00:46]} Rhg8 {[%emt 0:00:48]} 17. f3 {[%emt 0:00:44]} Qh4 {[%emt 0:02:13]} 18. Bd3 {[%emt 0:02:23]} Bh3 {[%emt 0:01:45]} 19. Rf2 {[%emt 0:00:03]} Rde8 {[%emt 0:01:37]} 20. Kh1 {[%emt 0:03:43]} Bd7 {[%emt 0:00:41]} 21. Rd1 {[%emt 0:00:54]} Re3 {[%emt 0:00:17]} 22. Re2 {[%emt 0:00:34]} Rxe2 {[%emt 0:00:33]} 23. Qxe2 {[%emt 0:00:07]} Re8 {[%emt 0:00:13]} 24. Qd2 {[%emt 0:00:08]} Rg8 {[%emt 0:00:40]} 25. Bf1 {[%emt 0:00:10]} c5 {[%emt 0:00:22]} 26. dxc6 {[%emt 0:00:19]} Bxc6 {[%emt 0:00:04]} 27. Qxd4 {[%emt 0:00:28]} Qh5 {[%emt 0:00:13]} 28. Qf4 {[%emt 0:00:17]} Rg6 {[%emt 0:00:14]} 29. Bd3 {[%emt 0:00:38]} Rh6 {[%emt 0:00:02]} 30. Bf5+ {[%emt 0:00:03]} Bd7 {[%emt 0:00:15]} 31. Bxd7+ {[%emt 0:00:01]} Kd8 {[%emt 0:00:01]} 32. Bg4+ {[%emt 0:00:01]} Ke8 {[%emt 0:00:03]} 33. Bxh5 {[%emt 0:00:04]} Rxh5 {[%emt 0:00:01]} 34. Qe4+ {[%emt 0:00:06]} Kf8 {[%emt 0:00:04]} 35. Rd8+ {[%emt 0:00:02]} 1-0